LEADER 01329nam a2200277 4500 001 000000340627 003 CaOOAMICUS 005 20211223152157.0 008 200617s2010 xxk 000 u eng r 020 $a978-1-4088-1054-5 040 $aSeMil$bita 100 1 $aRowling, J. K.,$d<1965- >.$0(OLS)http://semarc/name/48078 240 10$aHarry Potter.$0(OLS)http://semarc/title/438477 245 10$aHarry Potter and the philosopher's stone /$cJ. K. Rowling. 264 1$aLondon [etc.] :$bBloomsbury,$c2010. 300 $a223 p. ;$c20 cm 500 $aTitolo n. 1 in ordine di lettura nella serie di Harry Potter 767 0 $aRowling, J. K. <1965- >$tHarry Potter e la pietra filosofale.$dMilano : Salani, 2001.$b20. Rist.$z88-7782-702-5$w()115054 767 0 $aRowling, J. K. <1965- >$tHarry Potter e la pietra filosofale.$dMilano : Salani, 2018.$b3. rist$z978-88-938145-0-8$w()340700 850 $aSeMil 852 $aSeMil$W1$xVenegono$y1$m1V II 378$j221312$B231698$CSeMilBibl$Z2$F231698 $81 961 $aPerego don Stefano - Omaggio 996 $6020$a978-1-4088-1054-5$9(OLS)http://semarc/number/290547 996 $6245$aHarry Potter and the philosopher's stone$9(OLS)http://semarc/title/429687 996 $6264$aLondon [etc.] :$bBloomsbury$9(OLS)http://semarc/publisher/57290 LEADER 01230nam a2200277 4500 001 000000353724 003 CaOOAMICUS 005 20230802085939.0 008 230510s2023 it a 000 u ita r 020 $a978-88-922414-4-2 040 $aSeMil$bita 100 1 $aStimamiglio, Stefano.$0(OLS)http://semarc/name/117560 245 10$aCarlo Casini :$bstoria privata di un testimone del nostro tempo /$cStefano Stimamiglio intervista Marina Casini. 264 1$aCinisello Balsamo :$bSan Paolo,$c2023. 300 $a175 p., [8] carte di tav. :$bill. ;$c21 cm 541 0 $aOmaggio mons. Mario Delpini (3J II 461) 600 14$aCasini, Carlo <1935-2020>.$0(OLS)http://semarc/subject/53903 700 1 $aCasini, Marina.$0(OLS)http://semarc/name/65764 850 $aSeMil 852 $aSeMil$W1$xVenegono$y1$m3J II 461$j242655$B244933$CSeMilBibl$Z2$F244933 $81 941 1 $a7 961 $aOmaggio mons. Mario Delpini 996 $6020$a978-88-922414-4-2$9(OLS)http://semarc/number/298116 996 $6245$aCarlo Casini :$bstoria privata di un testimone del nostro tempo$9(OLS)http://semarc/title/443829 996 $6264$aCinisello Balsamo :$bSan Paolo$9(OLS)http://semarc/publisher/30129